|
|
|
|
| LEADER |
00636cam a2200193 7i4500 |
| 001 |
0000053063 |
| 005 |
20191023090000.0 |
| 020 |
|
|
|a 9789835200281 (pbk.)
|
| 020 |
|
|
|a 9835200289 (pbk.)
|
| 090 |
0 |
0 |
|a TH435
|b .R68 1996
|
| 100 |
0 |
|
|a Rosli Abd. Rashid
|
| 245 |
1 |
0 |
|a Pengenalan ukur kuantiti binaan 1
|c Rosli Abd. Rashid.
|
| 260 |
|
|
|a Kuala Lumpur:
|b Dewan Bahasa dan Pustaka,
|c 1996.
|
| 300 |
|
|
|a 75 p.
|
| 650 |
0 |
0 |
|a Building --
|x Estimates
|
| 650 |
0 |
0 |
|a Specifications
|
| 650 |
0 |
0 |
|a Quantity surveyors
|
| 997 |
|
|
|a Engineering & Life Sciences, Faculty
|b Engineering, Department
|
| 999 |
|
|
|a 0000067931
|b BOK
|c OPEN SHELF
|e 2nd Floor, Bestari Jaya
|